[Event "Gibtelecom ChallWk2 7th"]
[Site "Gibraltar"]
[Date "2009.02.02"]
[Round "2.3"]
[White "Kozlov, Oleg"]
[Black "Dimitrijevic, Dragan"]
[Result "1-0"]
[WhiteElo "2187"]
[BlackElo "2069"]
[PlyCount "69"]
[EventDate "2009.02.01"]
[EventType "swiss"]
[EventRounds "5"]
[EventCountry "GGB"]
[SourceTitle "BritBase"]
[Source "www.saund.co.uk"]
[SourceDate "2018.02.10"]
[SourceVersion "1"]
[SourceVersionDate "2018.02.10"]
[SourceQuality "1"]

1. c4 g6 2. Nc3 Bg7 3. g3 d6 4. Bg2 f5 5. d4 Nf6 6. Nf3 O-O 7. d5 c6 8. O-O e5
9. dxe6 Bxe6 10. Qa4 Kh8 11. Rd1 Qe7 12. Bf4 d5 13. Ng5 d4 14. Rxd4 Nh5 15.
Nxe6 Bxd4 16. Nxd4 Nxf4 17. gxf4 Nd7 18. e3 Qf7 19. b3 Rg8 20. Nce2 Qf6 21. Rd1
Nc5 22. Qb4 Ne4 23. Qxb7 Rad8 24. Rf1 g5 25. Qxc6 Rd6 26. Qb5 gxf4 27. Nxf4 Nd2
28. Qxf5 Nf3+ 29. Kh1 Nxd4 30. Qxf6+ Rxf6 31. Nd5 Ra6 32. exd4 Rxa2 33. b4 Rd2
34. Ne7 Rg7 35. Nc6 1-0

[Event "Gibtelecom ChallWk2 7th"]
[Site "Gibraltar"]
[Date "2009.02.02"]
[Round "2.4"]
[White "Lovik, Lasse Ostebo"]
[Black "Gandrud, Vegar Koi"]
[Result "0-1"]
[WhiteElo "2184"]
[BlackElo "2046"]
[PlyCount "50"]
[EventDate "2009.02.01"]
[EventType "swiss"]
[EventRounds "5"]
[EventCountry "GGB"]
[SourceTitle "BritBase"]
[Source "www.saund.co.uk"]
[SourceDate "2018.02.10"]
[SourceVersion "1"]
[SourceVersionDate "2018.02.10"]
[SourceQuality "1"]

1. e4 c5 2. Nc3 d6 3. f4 e6 4. Nf3 a6 5. a4 b6 6. Bc4 Bb7 7. O-O Nf6 8. Qe2 Be7
9. f5 d5 10. Ba2 dxe4 11. Ng5 Qd4+ 12. Kh1 h6 13. Nxf7 Kxf7 14. fxe6+ Ke8 15.
Bc4 Bd6 16. Rf5 e3 17. Nd5 Qh4 18. h3 Bxd5 19. Bxd5 Qg3 20. Qh5+ Nxh5 21. Kg1
e2 22. Rf1 e1=Q 23. Bc6+ Nxc6 24. d4 Qgf2+ 25. Kh1 Qexf1# 0-1

[Event "Gibtelecom ChallWk2 7th"]
[Site "Gibraltar"]
[Date "2009.02.02"]
[Round "2.5"]
[White "Vea, Odin Blikra"]
[Black "Obiamiwe, Paul"]
[Result "1/2-1/2"]
[WhiteElo "2169"]
[BlackElo "2035"]
[PlyCount "127"]
[EventDate "2009.02.01"]
[EventType "swiss"]
[EventRounds "5"]
[EventCountry "GGB"]
[SourceTitle "BritBase"]
[Source "www.saund.co.uk"]
[SourceDate "2018.02.10"]
[SourceVersion "1"]
[SourceVersionDate "2018.02.10"]
[SourceQuality "1"]

1. e4 c5 2. Nf3 d6 3. d4 cxd4 4. Nxd4 Nf6 5. Nc3 a6 6. h3 b5 7. g4 Bb7 8. Bg2
e6 9. O-O Qc7 10. g5 Nfd7 11. f4 Nb6 12. f5 e5 13. Nb3 N8d7 14. Na5 Rc8 15.
Nxb7 Qxb7 16. Be3 Nc4 17. Bc1 Qc6 18. Nd5 Ncb6 19. Be3 Nc4 20. Bf2 Nxb2 21. Qh5
Nc4 22. g6 Be7 23. gxf7+ Kf8 24. f6 Nxf6 25. Bh4 Qxd5 26. Bxf6 Qd4+ 27. Kh1
Bxf6 28. Rad1 Qc5 29. Rxf6 gxf6 30. Qh6+ Ke7 31. Rf1 Rcf8 32. Qxf6+ Kd7 33. h4
Qe3 34. Kh2 Nd2 35. Rf2 h5 36. Bh3+ Kc6 37. Qf5 Kb6 38. Bg2 Nc4 39. Rf3 Qe2 40.
Qf6 Kc5 41. Qe7 Kb6 42. Rf6 Qd2 43. a4 Qd4 44. Bf1 Qd2+ 45. Kh1 Qe1 46. axb5
axb5 47. Rxd6+ Nxd6 48. Qxd6+ Kb7 49. Qd7+ Kb8 50. Qd6+ Kc8 51. Qc6+ Kd8 52.
Qd6+ Kc8 53. Qe6+ Kc7 54. Qxe5+ Kd7 55. Qxb5+ Ke7 56. Qe5+ Kxf7 57. Qf5+ Ke7
58. Qe5+ Kd7 59. Qd5+ Kc7 60. Qc5+ Kd7 61. Qd5+ Ke7 62. Qe5+ Kf7 63. Qf5+ Ke7
64. Qe5+ 1/2-1/2

[Event "Gibtelecom ChallWk2 7th"]
[Site "Gibraltar"]
[Date "2009.02.02"]
[Round "2.6"]
[White "Erdelyi, Tamas"]
[Black "Brown, Thomas"]
[Result "1/2-1/2"]
[WhiteElo "2152"]
[BlackElo "2027"]
[PlyCount "57"]
[EventDate "2009.02.01"]
[EventType "swiss"]
[EventRounds "5"]
[EventCountry "GGB"]
[SourceTitle "BritBase"]
[Source "www.saund.co.uk"]
[SourceDate "2018.02.10"]
[SourceVersion "1"]
[SourceVersionDate "2018.02.10"]
[SourceQuality "1"]

1. Nf3 Nf6 2. c4 g6 3. Nc3 Bg7 4. g3 O-O 5. Bg2 d6 6. O-O c5 7. d4 Nc6 8. e3 a6
9. Qe2 cxd4 10. Nxd4 Bg4 11. Bf3 Bxf3 12. Qxf3 Qc7 13. Nxc6 bxc6 14. Bd2 Nd7
15. Qe2 h5 16. h4 Ne5 17. Kg2 Qb7 18. b3 c5+ 19. f3 Kh7 20. Rac1 Rac8 21. Ne4
Rfd8 22. Bc3 Nc6 23. Bxg7 Kxg7 24. Rfd1 Ne5 25. Rd5 a5 26. Rcd1 Qb8 27. Qb2 Kh7
28. Qc3 Qa8 29. Ng5+ 1/2-1/2

[Event "Gibtelecom ChallWk2 7th"]
[Site "Gibraltar"]
[Date "2009.02.02"]
[Round "2.7"]
[White "Bryn, Askild"]
[Black "Bates, Caspar J"]
[Result "1/2-1/2"]
[WhiteElo "2006"]
[BlackElo "2142"]
[PlyCount "117"]
[EventDate "2009.02.01"]
[EventType "swiss"]
[EventRounds "5"]
[EventCountry "GGB"]
[SourceTitle "BritBase"]
[Source "www.saund.co.uk"]
[SourceDate "2018.02.10"]
[SourceVersion "1"]
[SourceVersionDate "2018.02.10"]
[SourceQuality "1"]

1. e4 e5 2. Nf3 Nc6 3. Bb5 a6 4. Ba4 Nf6 5. O-O Be7 6. Re1 b5 7. Bb3 d6 8. c3
O-O 9. d3 Na5 10. Bc2 c5 11. Nbd2 Ne8 12. Nf1 f5 13. exf5 Bxf5 14. Ne3 Bg6 15.
d4 Bxc2 16. Qxc2 cxd4 17. cxd4 Rc8 18. Qd3 Nc6 19. a4 Rxf3 20. gxf3 Nxd4 21.
Kg2 Bg5 22. Rg1 Nc7 23. Nf5 Nce6 24. Nxd4 Nxd4 25. f4 Bf6 26. Be3 Rc4 27. Bxd4
Qa8+ 28. f3 Qd5 29. Qe4 Qxe4 30. fxe4 Rxd4 31. axb5 axb5 32. Ra8+ Kf7 33. Ra7+
Kg6 34. Kf3+ Kh5 35. Raxg7 Bxg7 36. Rxg7 Rd3+ 37. Ke2 Rb3 38. Rxh7+ Kg6 39. Rd7
exf4 40. Rxd6+ Kg5 41. Rd8 Rxb2+ 42. Kf3 Rb3+ 43. Kf2 b4 44. Rg8+ Kf6 45. h4
Rh3 46. Rb8 b3 47. Rb5 Rxh4 48. Rxb3 Rh2+ 49. Kf1 Ke5 50. Rb4 f3 51. Rb8 Kf4
52. e5 Ke3 53. Rb3+ Kf4 54. Rb8 Ra2 55. e6 Ra1+ 56. Kf2 Ra2+ 57. Kf1 Ra3 58. e7
Ra1+ 59. Kf2 1/2-1/2

[Event "Gibtelecom ChallWk2 7th"]
[Site "Gibraltar"]
[Date "2009.02.02"]
[Round "2.8"]
[White "Machin Arbelo, Pedro Alexi"]
[Black "Madland, Kristoffer"]
[Result "0-1"]
[WhiteElo "2134"]
[BlackElo "1992"]
[PlyCount "80"]
[EventDate "2009.02.01"]
[EventType "swiss"]
[EventRounds "5"]
[EventCountry "GGB"]
[SourceTitle "BritBase"]
[Source "www.saund.co.uk"]
[SourceDate "2018.02.10"]
[SourceVersion "1"]
[SourceVersionDate "2018.02.10"]
[SourceQuality "1"]

1. e4 c5 2. Nf3 d6 3. c3 Nf6 4. Bc4 e6 5. Qe2 Be7 6. d4 cxd4 7. cxd4 O-O 8. O-O
d5 9. exd5 exd5 10. Bd3 Bg4 11. h3 Bh5 12. g4 Bg6 13. Bxg6 hxg6 14. Ne5 Nc6 15.
Be3 Re8 16. Nd2 Bd6 17. Nxc6 bxc6 18. Qa6 Qd7 19. Rfc1 Re6 20. Qa4 Rc8 21. Nb3
Ne4 22. Rc2 Bb8 23. Kg2 Qd6 24. Rh1 Ng3 25. Rhc1 Ne4 26. Rh1 Ng3 27. Rhc1 Ne2
28. Rh1 Rxe3 29. fxe3 Qg3+ 30. Kf1 Qf3+ 31. Ke1 Nxd4 32. Nxd4 Qxh1+ 33. Kd2
Qg2+ 34. Kd3 Qe4+ 35. Kd2 c5 36. Qd7 Re8 37. Rxc5 Qxe3+ 38. Kc2 Bf4 39. a3 Qc1+
40. Kb3 Rb8+ 0-1

[Event "Gibtelecom ChallWk2 7th"]
[Site "Gibraltar"]
[Date "2009.02.02"]
[Round "2.9"]
[White "Hagen, Anders Gjerdrum"]
[Black "Whitfield, Craig M"]
[Result "1-0"]
[WhiteElo "2110"]
[BlackElo "1942"]
[PlyCount "127"]
[EventDate "2009.02.01"]
[EventType "swiss"]
[EventRounds "5"]
[EventCountry "GGB"]
[SourceTitle "BritBase"]
[Source "www.saund.co.uk"]
[SourceDate "2018.02.10"]
[SourceVersion "1"]
[SourceVersionDate "2018.02.10"]
[SourceQuality "1"]

1. e4 c5 2. Nf3 Nc6 3. Bb5 g6 4. Bxc6 bxc6 5. O-O Bg7 6. Re1 Nf6 7. e5 Nd5 8.
c4 Nc7 9. d4 O-O 10. Nc3 Ba6 11. Qa4 cxd4 12. Nxd4 c5 13. Nb3 d6 14. Bf4 Ne6
15. exd6 exd6 16. Qxa6 Nxf4 17. Rad1 Qg5 18. g3 Bxc3 19. bxc3 Rfe8 20. Qc6
Rxe1+ 21. Rxe1 Rd8 22. h4 Nh3+ 23. Kg2 Qf5 24. Qe4 Qxf2+ 25. Kxh3 Qxa2 26. Nc1
Qd2 27. Nd3 Qxc3 28. Nf4 Rb8 29. Nd5 Qb2 30. Qe7 Qf2 31. Nf6+ Kg7 32. Ng4 Qf5
33. Qxd6 Rb4 34. Qe5+ Qxe5 35. Nxe5 a5 36. Rc1 a4 37. Nd3 Rb8 38. Nxc5 a3 39.
Nd3 a2 40. Ra1 Rb3 41. Ne5 Re3 42. Nd7 Rd3 43. Nb6 Rb3 44. c5 Rb5 45. Na4 Ra5
46. Rxa2 h5 47. c6 Ra6 48. Rc2 Rxa4 49. c7 Ra8 50. c8=Q Rxc8 51. Rxc8 Kh6 52.
Rc7 Kg7 53. Kg2 Kf6 54. Kf3 Kg7 55. Kf4 Kf6 56. Ra7 Kg7 57. Kg5 Kf8 58. Kf6 Kg8
59. Rxf7 g5 60. hxg5 h4 61. gxh4 Kh8 62. Kg6 Kg8 63. Rf2 Kh8 64. Rf8# 1-0

[Event "Gibtelecom ChallWk2 7th"]
[Site "Gibraltar"]
[Date "2009.02.02"]
[Round "2.10"]
[White "Nisbet, Alex"]
[Black "Navarro Perez, Manuel"]
[Result "0-1"]
[WhiteElo "1922"]
[BlackElo "2097"]
[PlyCount "116"]
[EventDate "2009.02.01"]
[EventType "swiss"]
[EventRounds "5"]
[EventCountry "GGB"]
[SourceTitle "BritBase"]
[Source "www.saund.co.uk"]
[SourceDate "2018.02.10"]
[SourceVersion "1"]
[SourceVersionDate "2018.02.10"]
[SourceQuality "1"]

1. d4 g6 2. Bf4 Bg7 3. e3 c5 4. c3 Qb6 5. Qc2 d5 6. Nf3 Nc6 7. Nbd2 Nf6 8. h3
cxd4 9. exd4 Bf5 10. Qb3 Nd7 11. Qxb6 Nxb6 12. Nh4 Bd7 13. Nhf3 Na4 14. O-O-O
Rc8 15. Nb3 Nb4 16. Ne5 Bxe5 17. Bxe5 f6 18. Bf4 Nxa2+ 19. Kd2 Nxb2 20. Ra1
Nxc3 21. Nc5 Ne4+ 22. Nxe4 dxe4 23. Rb1 Nc4+ 24. Bxc4 Rxc4 25. Rxb7 Rxd4+ 26.
Kc3 Rd3+ 27. Kb2 O-O 28. Ra1 a6 29. Bh6 Ra8 30. Rc1 Kf7 31. Rcc7 Ke6 32. Be3
Rc8 33. Bc5 Rxc7 34. Rxc7 Rd5 35. Bb4 a5 36. Bc5 a4 37. Kc3 Rd3+ 38. Kb2 Rb3+
39. Kc2 Rd3 40. Kb2 Rd5 41. Kc2 h5 42. h4 g5 43. g3 Rf5 44. Be3 gxh4 45. gxh4
Ra5 46. Kb2 Kd6 47. Rc4 a3+ 48. Ka1 Bc6 49. Rd4+ Bd5 50. Rb4 a2 51. Rb8 Kd7 52.
Rb4 Ra3 53. Rd4 Rd3 54. Kb2 Rxd4 55. Bxd4 e5 56. Bc3 Ke6 57. Kc2 Kf5 58. Kd2
Kg4 0-1

[Event "Gibtelecom ChallWk2 7th"]
[Site "Gibraltar"]
[Date "2009.02.02"]
[Round "2.11"]
[White "Cafolla, Peter"]
[Black "Kandic, Milan"]
[Result "1-0"]
[WhiteElo "2013"]
[BlackElo "2208"]
[PlyCount "47"]
[EventDate "2009.02.01"]
[EventType "swiss"]
[EventRounds "5"]
[EventCountry "GGB"]
[SourceTitle "BritBase"]
[Source "www.saund.co.uk"]
[SourceDate "2018.02.10"]
[SourceVersion "1"]
[SourceVersionDate "2018.02.10"]
[SourceQuality "1"]

1. d4 d6 2. c4 Nd7 3. Nc3 e5 4. Nf3 Ngf6 5. e3 g6 6. Be2 Bg7 7. O-O O-O 8. a3
a5 9. Rb1 e4 10. Nd2 Re8 11. Qc2 Qe7 12. b4 axb4 13. axb4 c5 14. Nb5 Nf8 15.
bxc5 dxc5 16. d5 Bg4 17. Bxg4 Nxg4 18. h3 Be5 19. hxg4 Qh4 20. f4 exf3 21. Nxf3
Qxg4 22. Nxe5 Rxe5 23. Bb2 Rxe3 24. Qf2 1-0

[Event "Gibtelecom ChallWk2 7th"]
[Site "Gibraltar"]
[Date "2009.02.02"]
[Round "2.12"]
[White "Dasaolu, Adeoye"]
[Black "Hagesaether, Arne"]
[Result "1-0"]
[WhiteElo "2024"]
[BlackElo "2184"]
[PlyCount "57"]
[EventDate "2009.02.01"]
[EventType "swiss"]
[EventRounds "5"]
[EventCountry "GGB"]
[SourceTitle "BritBase"]
[Source "www.saund.co.uk"]
[SourceDate "2018.02.10"]
[SourceVersion "1"]
[SourceVersionDate "2018.02.10"]
[SourceQuality "1"]

1. Nf3 d5 2. d4 c6 3. Nbd2 Nd7 4. c4 Ngf6 5. Qc2 g6 6. g3 Bg7 7. Bg2 O-O 8. O-O
Re8 9. Rd1 b6 10. e4 dxe4 11. Nxe4 Bb7 12. Ne5 Nxe4 13. Bxe4 Nxe5 14. dxe5 Qc8
15. f4 Qe6 16. Be3 Rad8 17. c5 bxc5 18. Bxc5 g5 19. Bxh7+ Kh8 20. Bf5 Qh6 21.
Rxd8 Rxd8 22. Bxe7 gxf4 23. Bxd8 Bxe5 24. Qe4 Qd6 25. Bg5 Bd4+ 26. Kf1 Ba6+ 27.
Kg2 Bc4 28. Qxf4 Bd5+ 29. Kh3 1-0

[Event "Gibtelecom ChallWk2 7th"]
[Site "Gibraltar"]
[Date "2009.02.02"]
[Round "2.13"]
[White "Haug, Marianne Wold"]
[Black "Osuna Vega, Enrique"]
[Result "1/2-1/2"]
[WhiteElo "1935"]
[BlackElo "2130"]
[PlyCount "78"]
[EventDate "2009.02.01"]
[EventType "swiss"]
[EventRounds "5"]
[EventCountry "GGB"]
[SourceTitle "BritBase"]
[Source "www.saund.co.uk"]
[SourceDate "2018.02.10"]
[SourceVersion "1"]
[SourceVersionDate "2018.02.10"]
[SourceQuality "1"]

1. e4 d6 2. d4 Nf6 3. Nc3 Nbd7 4. Nf3 e5 5. Bc4 Be7 6. O-O h6 7. h3 c6 8. Bb3
Qc7 9. Re1 g5 10. Nh2 Nf8 11. dxe5 dxe5 12. Qf3 Ne6 13. Ne2 Rg8 14. Ng4 Nxg4
15. hxg4 Rg6 16. Ng3 Rf6 17. Nf5 Nd4 18. Qh3 Bxf5 19. exf5 O-O-O 20. Be3 Bc5
21. c3 Nxb3 22. axb3 Qb6 23. b4 Bxe3 24. Qxe3 Qxe3 25. Rxe3 Rd2 26. Rxa7 Rxb2
27. Rxe5 Kb8 28. Ra1 Rc2 29. Re3 h5 30. gxh5 Rxf5 31. Rf3 Rxf3 32. gxf3 Rxc3
33. h6 Rxf3 34. Kg2 Rd3 35. h7 Rd8 36. Rh1 Rh8 37. Kf3 f5 38. Ke3 Kc7 39. Kd4
Kd6 1/2-1/2

[Event "Gibtelecom ChallWk2 7th"]
[Site "Gibraltar"]
[Date "2009.02.02"]
[Round "2.14"]
[White "Dennis, Nigel W"]
[Black "Haugstad, Espen"]
[Result "0-1"]
[WhiteElo "1957"]
[BlackElo "2114"]
[PlyCount "114"]
[EventDate "2009.02.01"]
[EventType "swiss"]
[EventRounds "5"]
[EventCountry "GGB"]
[SourceTitle "BritBase"]
[Source "www.saund.co.uk"]
[SourceDate "2018.02.10"]
[SourceVersion "1"]
[SourceVersionDate "2018.02.10"]
[SourceQuality "1"]

1. e4 c5 2. Nf3 e6 3. d4 cxd4 4. Nxd4 a6 5. c4 Nf6 6. Nc3 Bb4 7. Bd3 Nc6 8.
Nxc6 Bxc3+ 9. bxc3 bxc6 10. O-O d6 11. Rb1 Qc7 12. Be3 c5 13. f4 O-O 14. Qb3
Bd7 15. Qb6 Rfc8 16. Qxc7 Rxc7 17. Rb6 Bc6 18. e5 dxe5 19. fxe5 Nd7 20. Rxc6
Rxc6 21. Be4 Rac8 22. Bxc6 Rxc6 23. Rd1 Rc7 24. Bxc5 Rxc5 25. Rxd7 g5 26. Ra7
a5 27. Kf2 Rxe5 28. Rc7 h5 29. Rb7 Kg7 30. Rb5 Kf6 31. c5 a4 32. c4 Re4 33. Rb4
a3 34. Ra4 Ke5 35. c6 Rf4+ 36. Ke3 Kd6 37. g3 Rf1 38. c7 Kxc7 39. Rxa3 Kd6 40.
Ra5 f5 41. a4 Rh1 42. Kd4 Rxh2 43. Ra6+ Ke7 44. Ra7+ Kf6 45. c5 Rc2 46. Rh7 e5+
47. Kd5 f4 48. gxf4 exf4 49. Rxh5 f3 50. c6 f2 51. Rh1 Kf5 52. Kd6 g4 53. Rf1
g3 54. c7 Kf4 55. a5 Ke3 56. a6 g2 57. Rxf2 Kxf2 0-1

[Event "Gibtelecom ChallWk2 7th"]
[Site "Gibraltar"]
[Date "2009.02.02"]
[Round "2.15"]
[White "Wheldon, Philip"]
[Black "Flanagan, Samuel"]
[Result "1-0"]
[WhiteElo "2094"]
[BlackElo "1650"]
[PlyCount "57"]
[EventDate "2009.02.01"]
[EventType "swiss"]
[EventRounds "5"]
[EventCountry "GGB"]
[SourceTitle "BritBase"]
[Source "www.saund.co.uk"]
[SourceDate "2018.02.10"]
[SourceVersion "1"]
[SourceVersionDate "2018.02.10"]
[SourceQuality "1"]

1. Nf3 d5 2. d4 c6 3. Nbd2 Nd7 4. c4 Ngf6 5. Qc2 g6 6. g3 Bg7 7. Bg2 O-O 8. O-O
Re8 9. Rd1 b6 10. e4 dxe4 11. Nxe4 Bb7 12. Ne5 Nxe4 13. Bxe4 Nxe5 14. dxe5 Qc8
15. f4 Qe6 16. Be3 Rad8 17. c5 bxc5 18. Bxc5 g5 19. Bxh7+ Kh8 20. Bf5 Qh6 21.
Rxd8 Rxd8 22. Bxe7 gxf4 23. Bxd8 Bxe5 24. Qe4 Qd6 25. Ba5 Bd4+ 26. Kf1 Ba6+ 27.
Kg2 Bc4 28. Qxf4 Bd5+ 29. Kh3 1-0

[Event "Gibtelecom ChallWk2 7th"]
[Site "Gibraltar"]
[Date "2009.02.02"]
[Round "2.16"]
[White "Suez-Panama, Gilles"]
[Black "Loberg, Jo Kristian"]
[Result "1/2-1/2"]
[WhiteElo "2032"]
[BlackElo "1923"]
[PlyCount "31"]
[EventDate "2009.02.01"]
[EventType "swiss"]
[EventRounds "5"]
[EventCountry "GGB"]
[SourceTitle "BritBase"]
[Source "www.saund.co.uk"]
[SourceDate "2018.02.10"]
[SourceVersion "1"]
[SourceVersionDate "2018.02.10"]
[SourceQuality "1"]

1. d4 Nf6 2. c4 e6 3. Nf3 b6 4. a3 Bb7 5. Nc3 Ne4 6. Nxe4 Bxe4 7. Nd2 Bb7 8. e4
Be7 9. Bd3 d6 10. O-O Nd7 11. b4 O-O 12. Bb2 c5 13. d5 exd5 14. exd5 Bf6 15.
Bxf6 Nxf6 16. b5 1/2-1/2

[Event "Gibtelecom ChallWk2 7th"]
[Site "Gibraltar"]
[Date "2009.02.02"]
[Round "2.17"]
[White "Natalicchio Escalante, Nicolas"]
[Black "Beltran Medina, Jorge"]
[Result "1-0"]
[WhiteElo "2238"]
[BlackElo "2006"]
[PlyCount "57"]
[EventDate "2009.02.01"]
[EventType "swiss"]
[EventRounds "5"]
[EventCountry "GGB"]
[SourceTitle "BritBase"]
[Source "www.saund.co.uk"]
[SourceDate "2018.02.10"]
[SourceVersion "1"]
[SourceVersionDate "2018.02.10"]
[SourceQuality "1"]

1. d4 f5 2. e4 fxe4 3. Nc3 Nf6 4. Bg5 Nc6 5. d5 Ne5 6. Qe2 c6 7. O-O-O Qb6 8.
f4 Neg4 9. Bxf6 Nxf6 10. Nxe4 cxd5 11. Nxf6+ Qxf6 12. g3 e6 13. Rxd5 g6 14. Nf3
Bg7 15. c3 O-O 16. Rd2 a5 17. Bg2 d5 18. h4 b5 19. Qxb5 Ba6 20. Qa4 Rfc8 21.
Nd4 Kh8 22. Re1 Rc4 23. Qd7 Rac8 24. Rxe6 Qf8 25. Re7 R8c7 26. Qxc7 Rxc7 27.
Rxc7 Bxd4 28. Rxd4 Bc4 29. Bxd5 1-0

[Event "Gibtelecom ChallWk2 7th"]
[Site "Gibraltar"]
[Date "2009.02.02"]
[Round "2.18"]
[White "Daoudi, Kamal"]
[Black "Demac, Elias"]
[Result "0-1"]
[WhiteElo "2209"]
[BlackElo "1993"]
[PlyCount "134"]
[EventDate "2009.02.01"]
[EventType "swiss"]
[EventRounds "5"]
[EventCountry "GGB"]
[SourceTitle "BritBase"]
[Source "www.saund.co.uk"]
[SourceDate "2018.02.10"]
[SourceVersion "1"]
[SourceVersionDate "2018.02.10"]
[SourceQuality "1"]

1. e4 d5 2. exd5 Nf6 3. Nf3 Nxd5 4. d4 g6 5. c4 Nb6 6. Be3 Bg7 7. h3 O-O 8. Be2
Nc6 9. Nc3 e5 10. d5 Ne7 11. O-O f5 12. Bg5 h6 13. Bxe7 Qxe7 14. Qb3 e4 15. Nh2
Kh7 16. a4 Be5 17. f4 Bd4+ 18. Kh1 g5 19. Nb5 Bf6 20. a5 Nd7 21. Qa3 Nc5 22.
Rad1 gxf4 23. Rxf4 Be5 24. Rff1 a6 25. Nd4 Bd6 26. b4 Qe5 27. Nhf3 exf3 28.
Nxf3 Qxe2 29. bxc5 Rg8 30. Rg1 Bg3 31. Rd2 Qxc4 32. d6 cxd6 33. cxd6 Bd7 34.
Rc1 Qe6 35. Nd4 Qxd6 36. Qxd6 Bxd6 37. Nf3 Rg6 38. Nh4 Rf6 39. Rcd1 Raf8 40.
Rxd6 Rxd6 41. Rxd6 Bc6 42. Ng6 Re8 43. Nh4 Re5 44. Rf6 Rxa5 45. Nxf5 Kg8 46.
Nxh6+ Kg7 47. Re6 Ra2 48. Rd6 Bxg2+ 49. Kh2 Bc6+ 50. Kg3 Rg2+ 51. Kf4 a5 52.
Nf5+ Kf7 53. h4 a4 54. h5 Rh2 55. h6 a3 56. Rd3 a2 57. Ra3 Kg6 58. Rg3+ Kf6 59.
Ra3 Bd5 60. Ne3 Be6 61. Ng4+ Bxg4 62. Kxg4 Kg6 63. Kg3 Rb2 64. Kf3 Kxh6 65. Ke3
b5 66. Kd3 b4 67. Ra6+ Kg5 0-1

[Event "Gibtelecom ChallWk2 7th"]
[Site "Gibraltar"]
[Date "2009.02.02"]
[Round "2.19"]
[White "Nisbet, Alex Ian"]
[Black "Salem, Ihab"]
[Result "1/2-1/2"]
[WhiteElo "1975"]
[BlackElo "2171"]
[PlyCount "88"]
[EventDate "2009.02.01"]
[EventType "swiss"]
[EventRounds "5"]
[EventCountry "GGB"]
[SourceTitle "BritBase"]
[Source "www.saund.co.uk"]
[SourceDate "2018.02.10"]
[SourceVersion "1"]
[SourceVersionDate "2018.02.10"]
[SourceQuality "1"]

1. d4 Nf6 2. Bf4 g6 3. Nf3 Bg7 4. e3 O-O 5. Be2 d6 6. h3 Nbd7 7. O-O c5 8. c3
b6 9. Nbd2 Bb7 10. Bh2 Re8 11. Re1 Qc7 12. a4 Ne4 13. Nxe4 Bxe4 14. Ng5 Bb7 15.
Qb3 e6 16. Rad1 cxd4 17. cxd4 Rac8 18. Qa3 Bf8 19. Rd3 Nf6 20. Rc3 Qe7 21. Bf3
Bxf3 22. Nxf3 Ne4 23. Rcc1 Rc7 24. Qd3 f5 25. Nd2 Nxd2 26. Qxd2 Rec8 27. Bg3
Qd7 28. b3 Rc6 29. Kh2 Qc7 30. Rxc6 Qxc6 31. Re2 Qc3 32. Qa2 d5 33. Be5 Bb4 34.
Qb1 Qc1 35. Qd3 Qc6 36. g3 Kf7 37. Qa6 Qd7 38. Kg2 Ke7 39. Rb2 Ba3 40. Ra2 Bb4
41. Rb2 g5 42. Qe2 Qe8 43. Qa6 Qd7 44. Qe2 Qe8 1/2-1/2

[Event "Gibtelecom ChallWk2 7th"]
[Site "Gibraltar"]
[Date "2009.02.02"]
[Round "2.20"]
[White "Guerrero Beret, Jesus"]
[Black "Perez Aleman, Pedro Tomas"]
[Result "0-1"]
[WhiteElo "1964"]
[BlackElo "2160"]
[PlyCount "34"]
[EventDate "2009.02.01"]
[EventType "swiss"]
[EventRounds "5"]
[EventCountry "GGB"]
[SourceTitle "BritBase"]
[Source "www.saund.co.uk"]
[SourceDate "2018.02.10"]
[SourceVersion "1"]
[SourceVersionDate "2018.02.10"]
[SourceQuality "1"]

1. e4 e5 2. Nf3 Nc6 3. Nc3 Nf6 4. d4 exd4 5. Nxd4 Bb4 6. Nxc6 bxc6 7. Bd3 h6 8.
O-O d6 9. Bd2 Ng4 10. Be2 h5 11. Bf4 Qf6 12. Bg3 h4 13. Bxg4 hxg3 14. fxg3 Bc5+
15. Kh1 Qg5 16. Bxc8 Rxc8 17. Qf3 Rxh2+ 0-1

[Event "Gibtelecom ChallWk2 7th"]
[Site "Gibraltar"]
[Date "2009.02.02"]
[Round "2.21"]
[White "Almond, Richard J"]
[Black "Middleton, Tom"]
[Result "1-0"]
[WhiteElo "2126"]
[BlackElo "1840"]
[PlyCount "77"]
[EventDate "2009.02.01"]
[EventType "swiss"]
[EventRounds "5"]
[EventCountry "GGB"]
[SourceTitle "BritBase"]
[Source "www.saund.co.uk"]
[SourceDate "2018.02.10"]
[SourceVersion "1"]
[SourceVersionDate "2018.02.10"]
[SourceQuality "1"]

1. d4 d5 2. c4 e6 3. Nc3 Nf6 4. cxd5 exd5 5. Bg5 Be7 6. e3 c6 7. Qc2 Nbd7 8.
Bd3 h6 9. Bh4 O-O 10. Nge2 Re8 11. O-O Ne4 12. Bxe7 Qxe7 13. Rae1 Ndf6 14. f3
Nxc3 15. Nxc3 Qd6 16. Qf2 Rd8 17. Rd1 Be6 18. Bb1 c5 19. dxc5 Qxc5 20. Ne2 Rac8
21. Nd4 Qb6 22. Rc1 Rc5 23. Qd2 Rdc8 24. Rxc5 Rxc5 25. Rd1 Rc8 26. Bc2 Kf8 27.
Bb3 Qc5 28. Ne2 Qb6 29. Nf4 Rd8 30. Kh1 Ke7 31. h3 Rd6 32. Qc3 Rc6 33. Qe5 Qc7
34. Qxc7+ Rxc7 35. Bxd5 Nxd5 36. Nxd5+ Bxd5 37. Rxd5 Rc1+ 38. Kh2 Rc2 39. Rb5
1-0

[Event "Gibtelecom ChallWk2 7th"]
[Site "Gibraltar"]
[Date "2009.02.02"]
[Round "2.22"]
[White "Gravett, Alan D"]
[Black "Ercan, Mehmet Fahri"]
[Result "0-1"]
[WhiteElo "1869"]
[BlackElo "2091"]
[PlyCount "48"]
[EventDate "2009.02.01"]
[EventType "swiss"]
[EventRounds "5"]
[EventCountry "GGB"]
[SourceTitle "BritBase"]
[Source "www.saund.co.uk"]
[SourceDate "2018.02.10"]
[SourceVersion "1"]
[SourceVersionDate "2018.02.10"]
[SourceQuality "1"]

1. g3 d5 2. Nf3 c6 3. Bg2 e6 4. O-O Nf6 5. d3 Nbd7 6. Nbd2 Bd6 7. e4 O-O 8. Re1
Be7 9. d4 h6 10. e5 Nh7 11. h4 c5 12. Nf1 Nb8 13. Bh3 Nc6 14. N1h2 Re8 15. Ng4
Bf8 16. Kg2 Bd7 17. c3 a6 18. Nfh2 Ne7 19. Nxh6+ gxh6 20. Qg4+ Kh8 21. Qh5 Ng8
22. Ng4 Qe7 23. Bg5 hxg5 24. hxg5 Qxg5 0-1

[Event "Gibtelecom ChallWk2 7th"]
[Site "Gibraltar"]
[Date "2009.02.02"]
[Round "2.23"]
[White "Palacios Pena, Gerardo"]
[Black "Hamer, Martyn"]
[Result "0-1"]
[WhiteElo "1850"]
[BlackElo "2022"]
[PlyCount "92"]
[EventDate "2009.02.01"]
[EventType "swiss"]
[EventRounds "5"]
[EventCountry "GGB"]
[SourceTitle "BritBase"]
[Source "www.saund.co.uk"]
[SourceDate "2018.02.10"]
[SourceVersion "1"]
[SourceVersionDate "2018.02.10"]
[SourceQuality "1"]

1. d4 Nc6 2. Nf3 d5 3. Bf4 Bg4 4. Nbd2 Nf6 5. c3 e6 6. h3 Bh5 7. Ne5 Nxe5 8.
Bxe5 Bd6 9. Qa4+ c6 10. Bxd6 Qxd6 11. Qb4 Qxb4 12. cxb4 a5 13. bxa5 Rxa5 14. e3
Ke7 15. Nb3 Ra7 16. Bd3 Bg6 17. Bxg6 hxg6 18. f3 g5 19. Kd2 Ne8 20. a3 Nd6 21.
Rab1 b6 22. Rhc1 Rc8 23. Kd3 Rac7 24. Rc2 c5 25. dxc5 bxc5 26. Rbc1 c4+ 27. Ke2
e5 28. Nd2 d4 29. Kf2 f5 30. b4 c3 31. Nb1 Nc4 32. exd4 exd4 33. Nxc3 dxc3 34.
Rxc3 Kd6 35. a4 Nb2 36. Rxc7 Rxc7 37. Rxc7 Kxc7 38. a5 Nd3+ 39. Kg3 Nxb4 40. h4
Nd5 41. hxg5 g6 42. Kf2 Kb7 43. Ke2 Nf4+ 44. Ke3 Nxg2+ 45. Kd4 Nh4 46. Ke3 Nxf3
0-1